00912nas a2200241Ia 4500001001100000003000900011008004100020040001300061040001300074041001300087100003800100210001400138222001400152245005900166250001100225260004100236501008600277300001000363310001900373362002400392500021800416650003600634R013/81210IT-RoPAU151124c99999999xx |||||||||||| ||und|| aIT-RoPAU cIT-RoPAU aITALIANO aAA.VV. gCodice Aut. SPICS: 12000 aCOSA (LA) aCosa (La) aCOSA VISTA (LA), N.10-1989bCosa Vista (La), N.10-1989 a1a ed. aITALIAbUNIVERSITA' DI TRIESTEc1989 bPaulus - SPICS - Società San Paolo EM (non-commercial uses only)cCopyright2015 a72 p. aQUADRIMESTRALE aANNO 005, N.10-1989 aNumero Speciale: il Medioevo nel Fantastico. Eurocon 1989 a San Marino. Simboli e Miti Medievali. Opera di Tolkien. Pubblicità Televisiva. Urbino 1988. Musica e Festival. Recensioni di Libri Sul Cinema e Musica. aCINEMAvPUBBLICAZIONE PERIODICA